Normal view MARC view

Entry Uniform Title

Number of records used in: 2

001 - CONTROL NUMBER

  • control field: 50859

003 - CONTROL NUMBER IDENTIFIER

  • control field: dpl

005 - DATE AND TIME OF LATEST TRANSACTION

  • control field: 20120808105653.0

008 - FIXED-LENGTH DATA ELEMENTS

  • fixed length control field: 120808|||a|||||| | ||| d

040 ## - CATALOGING SOURCE

  • Original cataloging agency: dpl
  • Transcribing agency: dpl

130 ## - HEADING--UNIFORM TITLE

  • Uniform title: Encyclopaedic history of india: series

670 ## - SOURCE DATA FOUND

  • Source citation: Work cat.: (dpl)68754: Singh, Mahesh Vikram. 50858, Delhi Sultanate/, 2011

670 ## - SOURCE DATA FOUND

  • Source citation: Work cat.: (dpl)68754: Singh, Mahesh Vikram. 50858, Delhi Sultanate/, 2011

© Delhi Public Library
Hit Counter
free hit counter